02578nam a2200601Ii 4500001001200000003000800012006001900020008004100039007001500080035002200095040003100117020003500148020003200183020001800215020001500233041001800248043001200266050001600278082001500294100002800309240005200337245012100389264005100510264001100561300002300572336002600595337002600621338003600647347002100683347000900704490003700713504004100750588008600791650007700877650007800954650006101032651005901093651005901152651004401211655002201255700007301277700003801350791003601388793003801424776008401462776017501546830004701721856007201768910002901840942000801869952008001877999001901957DIGAKAL0429NyNyDIGm o d 190828t20172016sp ob 000 0 spa dcr ||||||||||| a(OCoLC)1119016184 aDGITAbengerdaepncDGITA a9788446043584q(eBook ;qePub) a8446043580q(eBook ;qePub) z9788446043577 z84460435721 aspakenghfre ae-fr---14aDC317 ebook04a944.3610811 aRoss, Kristin,eauthor.10aImaginaire de la Commune.lSpanishs(Madariaga)10aLujo comunal :bel imaginario político de la Comuna de París /cKristin Ross ; traducción, Juanmari Madariaga. 1aTres Cantos, Madrid, España :bAkal,c[2017] 4c©2016 a1 online resource. atextbtxt2rdacontent acomputerbc2rdamedia aonline resourcebcr2rdacarrier atext file2rdaft bEPUB1 aAkal/Pensamiento crítico ;v53 aIncludes bibliographical references.0 aOnline resource; title from ePub title page (Digitalia, viewed September 2, 2019) 0aWorking classxPolitical activityzFrancezParisxHistoryy19th century. 0aCommunal livingxPolitical aspectszFrancezParisxHistoryy19th century. 0aPolitical culturezFrancezParisxHistoryy19th century. 0aParis (France)xPolitics and governmenty19th century. 0aParis (France)xSocial life and customsy19th century. 0aParis (France)xHistoryyCommune, 1871. 0aElectronic books.1 iTranslation of:aRoss, Kristin.tImaginaire de la Commune.lEnglish.1 aMadariaga, Juanmari,etranslator.2 aDigitalia (Firm),edistributor.0 gDigitalia eBook Collection:aAkal08aRoss, Kristin.tLujo comunal .dTres Cantos, Madrid : Akal, 2017z978844604357708iPrint version:aRoss, Kristin.sImaginaire de la Commune. Spanish (Madariaga).tLujo comunal.dTres Cantos, Madrid, España : Akal, 2016z9788446043577w(OCoLC)962520929 0aPensamiento crítico (Akal Editor) ;v53.403Digitalia Hispánicauhttps://www.digitaliapublishing.com/a/50925/ aPremium collection: 2019 cRAA 001040708DEHaBD-UINbBD-UINd2025-04-25l0r2025-04-25w2025-04-25yRAA c252094d252094